书目信息 |
| 题名: |
复变函数论教程
|
|
| 作者: | 莫叶 编 | |
| 分册: | ||
| 出版信息: | 济南 山东大学出版社 1985 |
|
| 页数: | 227页 | |
| 开本: | 20cm | |
| 丛书名: | ||
| 单 册: | ||
| 中图分类: | O174.4 | |
| 科图分类: | ||
| 主题词: | 复变函数论--高等学校--教材 , 数学分析 | |
| 电子资源: | ||
| ISBN: | ||
| 000 | 00680nam0 2200265 45 | |
| 001 | 0185010049 | |
| 005 | 20040630084227.7 | |
| 010 | @dCNY1.95 | |
| 091 | @a13338.2 | |
| 100 | @a19900816d1985 em y0chiy0121 ea | |
| 101 | 0 | @achi |
| 102 | @aCN@b370000 | |
| 105 | @aa z 000yy | |
| 106 | @ar | |
| 200 | 10 | @a复变函数论教程@Afu bian han shu lun jiao cheng@f莫叶编 |
| 210 | @a济南@c山东大学出版社@d1985 | |
| 215 | @a227页@d20cm | |
| 300 | @a试用教材 | |
| 606 | @a复变函数论@x高等学校@x教材 | |
| 606 | 0 | @a数学分析 |
| 690 | @aO174.4@v3 | |
| 701 | 0 | @a莫叶@Amo ye@4编 |
| 801 | 0 | @aCN@b深圳图书馆@c20040520 |
| 801 | 2 | @aCN@bNLC@c20040520 |
| 905 | @dO174.4@e63@b133586@f1 | |
| 复变函数论教程/莫叶编.-济南:山东大学出版社,1985 |
| 227页;20cm |
| 试用教材 |
| ISBN :CNY1.95 |
| ● |
| 相关链接 |
|
|
|
|
正题名:复变函数论教程
索取号:O174.4/63
 
预约/预借
| 序号 | 登录号 | 条形码 | 馆藏地/架位号 | 状态 | 备注 |
| 1 | 0133583 | 000422732 | 第三借阅区/ [索取号:O174.4/63] | 在馆 | |
| 2 | 0133584 | 000422723 | 第三借阅区/ [索取号:O174.4/63] | 在馆 | |
| 3 | 0133585 | 000422741 | 第三借阅区/ [索取号:O174.4/63] | 在馆 | |
| 4 | 0133586 | 001933313 | 第三借阅区/ [索取号:O174.4/63] | 在馆 | |
| 5 | 0133587 | 202089505 | 第二样本阅览室/ [索取号:O174.4/63] | 在馆 |